Online
Catalog

En la trinchera de la revolución : (Record no. 2420)

MARC details
000 -CABECERA
campo de control de longitud fija 00849cam a2200229 a 4500
001 - NÚMERO DE CONTROL
campo de control 000002584
005 - FECHA Y HORA DE LA ÚLTIMA TRANSACCIÓN
campo de control 20240502094959.0
008 - DATOS DE LONGITUD FIJA--INFORMACIÓN GENERAL
campo de control de longitud fija 901002s1990 cu r 001 0 spa
040 ## - FUENTE DE LA CATALOGACIÓN
Centro catalogador/agencia de origen DO-SdBNP
Lengua de catalogación spa
Centro/agencia transcriptor BNPHU
082 ## - NÚMERO DE LA CLASIFICACIÓN DECIMAL DEWEY
Número de clasificación 080.91
Número de documento/Ítem C962e
100 1# - ENTRADA PRINCIPAL--NOMBRE DE PERSONA
Nombre de persona Castro, Fidel
Fechas asociadas al nombre 1926-2016
9 (RLIN) 16971
245 16 - MENCIÓN DE TÍTULO
Título En la trinchera de la revolución :
Resto del título selección de discursos /
Mención de responsabilidad, etc. Fidel Castro.
260 ## - PUBLICACIÓN, DISTRIBUCIÓN, ETC.
Lugar de publicación, distribución, etc. La Habana :
Nombre del editor, distribuidor, etc. Política,
Fecha de publicación, distribución, etc. 1990.
300 ## - DESCRIPCIÓN FÍSICA
Extensión 270 p. ;
Dimensiones 18 cm.
490 1# - MENCIÓN DE SERIE
Mención de serie Olivo
500 ## - NOTA GENERAL
Nota general Fidel Castro fué primer ministro de Cuba desde 1959 hasta 1976 y luego presidente de Cuba desde 1976 hasta 2008
650 #4 - PUNTO DE ACCESO ADICIONAL DE MATERIA--TÉRMINO DE MATERIA
Término de materia o nombre geográfico como elemento de entrada Discursos
9 (RLIN) 6584
650 #4 - PUNTO DE ACCESO ADICIONAL DE MATERIA--TÉRMINO DE MATERIA
Término de materia o nombre geográfico como elemento de entrada Presdente
Subdivisión geográfica Cuba
Subdivisión general Ensayos, congresos, conferencias, etc.
9 (RLIN) 8140
651 #4 - PUNTO DE ACCESO ADICIONAL DE MATERIA--NOMBRE GEOGRÁFICO
Nombre geográfico Cuba
Subdivisión general Política Y Gobierno
Subdivisión cronológica 1959-1990.
9 (RLIN) 5620
650 #4 - PUNTO DE ACCESO ADICIONAL DE MATERIA--TÉRMINO DE MATERIA
Término de materia o nombre geográfico como elemento de entrada Política mundial
Subdivisión cronológica 1985-1995.
9 (RLIN) 2884
830 #0 - PUNTO DE ACCESO ADICIONAL DE SERIE-TÍTULO UNIFORME
Título uniforme Olivo
9 (RLIN) 8141
Holdings
Estado de retiro Estado de pérdida Restricciones de uso No para préstamo Código de colección Localización permanente Ubicación/localización actual Ubicación en estantería Fecha de adquisición Número de inventario Total de préstamos Signatura topográfica completa Código de barras Fecha visto por última vez Precio válido a partir de Tipo de ítem Koha
      Excluido de préstamo Monografías: Libros y Folletos General General Depósito 08.07.2009 LF1   080.91 C962e 2584-10 25.06.2020 25.06.2020 No se presta

Powered by Koha